Collaborative technologies and applications for interactive information design : emerging trends in user experiences

Αποθηκεύτηκε σε:
Λεπτομέρειες βιβλιογραφικής εγγραφής
Άλλοι συγγραφείς: Rummler, Scott, 1962- (Επιμελητής έκδοσης), Ng, Kwong Bor (Επιμελητής έκδοσης)
Μορφή: Βιβλίο
Γλώσσα:English
Δημοσίευση: Hershey, PA : Information Science Reference, c2010.
Θέματα:
Ετικέτες: Προσθήκη ετικέτας
Δεν υπάρχουν, Καταχωρήστε ετικέτα πρώτοι!

MARC

LEADER 00000nam a2200000 a 4500
001 1/108313
008 150902s2010####pau|||||||||||||| ||eng||
020 |a 9781605667270   |q (σκληρό εξώφυλλο) 
040 |a GR-MyUa  |b gre  |c GR-MyUa  |e AACR2 
041 0 |a eng 
082 7 |a 302.30285   |2 (23)  
245 0 0 |a Collaborative technologies and applications for interactive information design :   |b emerging trends in user experiences /   |c Scott Rummler, Kwong Bor Ng, editors.  
260 |a Hershey, PA :   |b Information Science Reference,   |c c2010.  
300 |a xx, 320 σ. ;   |c 29 εκ.  
504 |a Περιλαμβάνει βιβλιογραφίες και ευρετήριο.  
650 0 |a Information technology. 
650 0 |a Computer software  |x Development. 
650 0 |a Cooperation. 
700 1 |a Rummler, Scott,   |d 1962-  |e edt 
700 1 |a Ng, Kwong Bor,  |e edt 
852 |a INST  |b SYROS  |e 20150902  |h 302.30285 COL  |p 005500012085  |q 005500012085  |t BK  |y 0 
922 |a 5ΕΛΗ  |b 201504   |c Βιβλιοθήκη Σύρου   |d Διαδρομές  
970 |a Κοντού   |b Παρασκευή   |z 02/09/2015